000 00724nam a2200277Ia 4500
005 20260324115400.0
008 008 260324s9999 xx 000 0 eng d
020 _a9781003448563
037 _aEBOOK
040 _aCRL
040 _beng
040 _cCRL
041 _2eng
041 _aeng
084 _qCRL
100 _aTisha M. Paredes; Mona J.E. Danner; J. Worth Pickering; Jillian Kinzie
_91154448
245 0 _aUsing Focus Groups to Listen, Learn, and Lead in Higher Education
260 _bTaylor and Francis
260 _c2018
365 _a
365 _b230
856 _uhttp://www.taylorfrancis.com/books/9781003448563
942 _cEBOOK
999 _c1745296
_d1745296